000 00631nam a2200217Ia 4500
005 20250508170217.0
008 008 250505s9999 xx 000 0 eng d
020 _a978-1-2564-0836-9
037 _aTextBook
040 _aFEDL
_beng
_cFEDL
041 _aeng
_2eng
084 _a001.42, MER/R
_qFEDL
100 _aMertler Craig A
245 0 _aAction research:Teachers as researchers in the classroom
250 _a2
260 _aLos Angeles, USA
_bSage
_c2009
300 _axxii, 264p.
546 _aPhotocopy and gifted by Prof. Salaja Chennat
942 _cTB
_h001.42, MER/R
999 _c1399804
_d1399804